Fábulas criollas / (Registro nro. 3347)
[ vista simple ]
| 000 -LEADER | |
|---|---|
| fixed length control field | 00855nam a2200217Ia 4500 |
| 003 - CONTROL NUMBER IDENTIFIER | |
| control field | OSt |
| 005 - DATE AND TIME OF LATEST TRANSACTION | |
| control field | 20250710152004.0 |
| 008 - FIXED-LENGTH DATA ELEMENTS--GENERAL INFORMATION | |
| fixed length control field | 191128s2012 ck a er 000 f spa d |
| 020 ## - INTERNATIONAL STANDARD BOOK NUMBER | |
| International Standard Book Number | 950210868X |
| 040 ## - CATALOGING SOURCE | |
| Original cataloging agency | CO-JMCR |
| Transcribing agency | CO-JMCR |
| 041 ## - LANGUAGE CODE | |
| Language code of text/sound track or separate title | spa |
| 082 04 - DEWEY DECIMAL CLASSIFICATION NUMBER | |
| Classification number | N |
| Item number | PIÑf |
| 100 1# - MAIN ENTRY--PERSONAL NAME | |
| Personal name | Piñeros Corpas, Joaquín, |
| Dates associated with a name | 1915-1982 |
| Relator term | autor |
| 9 (RLIN) | 7863 |
| 245 10 - TITLE STATEMENT | |
| Title | Fábulas criollas / |
| Statement of responsibility, etc. | Joaquín Piñeros Corpas |
| 260 ## - PUBLICATION, DISTRIBUTION, ETC. | |
| Place of publication, distribution, etc. | Bogotá : |
| Name of publisher, distributor, etc. | Patronato Colombiano, |
| Date of publication, distribution, etc. | 2012 |
| 300 ## - PHYSICAL DESCRIPTION | |
| Extent | 84 páginas : |
| Other physical details | ilustraciones a color ; |
| Dimensions | 16 cm. x 23 cm. |
| 500 ## - GENERAL NOTE | |
| General note | Incluye tabla de contenido |
| 505 ## - FORMATTED CONTENTS NOTE | |
| Formatted contents note | Fábulas de pajaros -- fábulas marinas -- fábulas de flores -- fábulas de huerto -- fábulas en aire de cuento -- fábuls de animales maestros -- fábulas trsites -- fábulas con ilusión -- fábulas del campo |
| 650 14 - SUBJECT ADDED ENTRY--TOPICAL TERM | |
| Topical term or geographic name entry element | Fábulas infantiles |
| 9 (RLIN) | 1500 |
| 942 ## - ADDED ENTRY ELEMENTS (KOHA) | |
| Source of classification or shelving scheme | Dewey Decimal Classification |
| Koha item type | Books |
| Withdrawn status | Lost status | Source of classification or shelving scheme | Damaged status | Not for loan | Collection code | Home library | Current library | Shelving location | Date acquired | Source of acquisition | Total Checkouts | Total Renewals | Full call number | Barcode | Date last seen | Date last checked out | Copy number | Koha item type |
|---|---|---|---|---|---|---|---|---|---|---|---|---|---|---|---|---|---|---|
| Dewey Decimal Classification | Fiction | Biblioteca Pública José María del Castillo y Rada | Biblioteca Pública José María del Castillo y Rada | Children's Area | 11/28/2019 | Donación | 17 | 1 | N PIÑf | 201806997 | 03/31/2026 | 03/31/2026 | Ej.1 | Books |